00772nam a2200205Ia 4500003000900000005001700009008004100026040003100067040001300098041000800111100002300119100000800142245017200150250000600322260004500328300001700373490007000390500001900460520008700479IT-RoPAU20220918175902.0120407s9999 xx 000 0 und d aIT-RoPAUc20140510103919.0 cIT-RoPAU aita aCesarato M. Regina csr. aCon Maria verso il compimento della storia.bSpunti di riflessione e di preghiera sulla "Via Humanitatis" di Don Alberione. Anno Mariano: Pentecoste 1987 /Assunta 1988 a  c1988aRomabCasa Generalizia PDDM - CSCM a47 p.c21 cm vVol. n. 1aN. 1 - Anno Mariano - Pentecoste 1987/ Assunta 1988  aUso manoscitto aIndice Prefazione I. Riflessioni introduttive II. Lettura mariana del testo Note